01134cam a22002651 4500001001300000003000400013005001700017008004100034010001700075035002000092040002600112042001200138050001900150100003600169245025300205260009400458300009000552490006300642500003300705650003100738650002100769700004100790830002000831999001700851gs 38000289 DLC20260227111343.0930119s1938 paub 000 0 eng  ags 38000289  a(OCoLC)27737150 aDLCcMdBJdOCoLCdDLC apremarc00aGB1025.P4bL621 aLohman, Stanley William,d1907-10aGround water in south-central Pennsylvania,cby Stanley W. Lohman of the U. S. Geological survey with Analyses by E. W. Lohr. (Prepared in cooperation between the United States Geological survey and the Pennsylvania Topographic and geologic survey) aHarrisburg, PA.,bDepartment of internal affairs, Topographic and geologic survey,c1938. avii, [1], 315 p.bincl. illus., tables. fold. maps (2 in pocket) fold. diagr.c24 cm.1 aPennsylvania. Geological survey, 4th (1919- ) Bulletin W5 a"Published reports": p. 5-7. 0aGroundwaterzPennsylvania. 0aWaterxAnalysis.1 aLohr, E. W.q(Edwin Wallace),d1897- 0aBulletin W,v5. c27497d27497